| 000 | 00790nam a22002657a 4500 | ||
|---|---|---|---|
| 003 | UPN | ||
| 005 | 20240212130106.0 | ||
| 008 | 240130s1989 mx ||||| |||| 00| e spa d | ||
| 020 | _a9684344813 | ||
| 040 |
_aMX-MxUPN _bspa |
||
| 041 | _aspa | ||
| 050 |
_aPQ1979 A73 _b1989 |
||
| 100 | 1 |
_930751 _aDiderot, Denis, _d1713-1784 |
|
| 245 | 1 | 3 | _aLa paradoja del comediante |
| 260 |
_aTlahuapan, Puebla, México : _bPremiá, _c1989. |
||
| 300 | _a87 páginas | ||
| 490 | 0 |
_aLa nave de los locos; _v110. |
|
| 500 | _aTitulo original: Le paradoxe sur le comedien. | ||
| 650 | 4 |
_9153 _aActores |
|
| 650 | 4 |
_9155 _aActuación teatral |
|
| 700 | 1 |
_946545 _aBaeza, Ricardo, _d1890-1956 _etraducción |
|
| 902 |
_aGCH300124 _bMariaRobles/120224 |
||
| 942 |
_2lcc _cLIBRO _n0 |
||
| 999 |
_c210895 _d210895 |
||